An insight into mergers and acquisitions a growth perspective
Guardat en:
| Autor principal: | |
|---|---|
| Format: | Llibre |
| Idioma: | anglès |
| Publicat: |
Ane Books Pvt
2020
|
| Etiquetes: |
Afegir etiqueta
Sense etiquetes, Sigues el primer a etiquetar aquest registre!
|
MARC
| LEADER | 00000nam a22000007a 4500 | ||
|---|---|---|---|
| 008 | 211125b ||||| |||| 00| 0 eng d | ||
| 020 | |a 9789389212433 | ||
| 100 | |a KUMAR, Vinod | ||
| 245 | |a An insight into mergers and acquisitions |b a growth perspective |c Vinod Kumar [and] Priti Sharma |g [xii] 208p.:ill. | ||
| 260 | |b Ane Books Pvt |c 2020 |h New Delhi |i 697082 |i 697083 |l HG4028 .M4K96 |m Business & Economics / Corporate finance | ||
| 500 | |a It includes references | ||
| 942 | |a lcc |c BK |e Adeyey Y. S. |f 25/11/21 | ||
| 952 | |0 0 |1 0 |2 lcc |4 0 |6 HG4028 M4 K96 |7 0 |9 3927 |a HOL |b HOL |c GJ |d 2021-11-25 |o HG4028. M4K96 |p 2021-67650 |r 2021-11-25 00:00:00 |t 697082 |w 2021-11-25 |y BK | ||
| 952 | |0 0 |1 0 |2 lcc |4 0 |7 0 |9 3928 |a HOL |b MPL |c GJ |d 2021-11-25 |o HG4028. M4K96 |p 2021-67651 |r 2021-11-25 00:00:00 |t 697083 |w 2021-11-25 |y BK | ||
| 999 | |c 1964 |d 1964 | ||